| 000 | 01349nam a2200349 i 4500 | ||
|---|---|---|---|
| 001 | 000024109 | ||
| 003 | DO-SdBNP | ||
| 005 | 20250606121936.0 | ||
| 007 | ta | ||
| 008 | 110119s1945 dr 001 0 spa d | ||
| 040 |
_aDO-SdBNP _bspa _cBNPHU _erda |
||
| 041 | _hspa | ||
| 082 |
_a155.897293 _bS157u _222 |
||
| 100 | 1 |
_aSainz, Fernándo _eautor _949525 |
|
| 245 | 1 | 3 |
_aUn estudio sobre psicología y educación dominicanas / _cFernándo Sainz ; prólogo Pedro Troncoso Sánchez. |
| 264 |
_aCiudad Trujillo, República Dominicana : _bLa Nación, _cfecha no identificada |
||
| 300 |
_a193 páginas ; _c21 cm. |
||
| 336 |
_ardacontent _btexto _2txt |
||
| 337 |
_ardamedia _bsin mediación _2n |
||
| 338 |
_ardacarrier _bvolumen _2nc |
||
| 590 | _aInventariado, 2024/DG | ||
| 650 | 4 |
_aIdentidad cultural _zRepública Dominicana _xEnsayos, conferencias, etc. _930841 |
|
| 650 | 4 |
_aPsicología social _zRepública Dominicana _930842 |
|
| 650 | 0 |
_aIdentidad nacional _92163 |
|
| 650 | 4 |
_aNacionalismo y cultura _922911 |
|
| 650 | 4 |
_aDiarios dominicanos _xSecciones, columnas, etc. _944 |
|
| 651 | 4 |
_aRepública Dominicana _xCaracterísticas Nacionales _91720 |
|
| 700 | 1 |
_aTroncoso Sánchez, Pedro, _d1904-1989 _eprólogo _923599 |
|
| 730 | 0 |
_aLa Nación (República Dominicana) _98360 |
|
| 910 | _aValidado. Control de calidad EMS | ||
| 942 |
_2ddc _cLBS1 |
||
| 999 |
_c23604 _d23604 |
||